การสำรวจคุณภาพชีวิตการทำงานของบุคลากรสำนักงานเลขาธิการสภาผู้แทนราษฎร / (ระเบียนเลขที่ 98622)
| 000 -LEADER | |
|---|---|
| fixed length control field | 01334nam a22002057a 4500 |
| 003 - CONTROL NUMBER IDENTIFIER | |
| control field | NALT |
| 005 - DATE AND TIME OF LATEST TRANSACTION | |
| control field | 20240129155632.0 |
| 008 - FIXED-LENGTH DATA ELEMENTS--GENERAL INFORMATION | |
| fixed length control field | 211116b th ||||| |||| 00| 0 tha d |
| 040 ## - CATALOGING SOURCE | |
| Original cataloging agency | NALT |
| 050 ## - LIBRARY OF CONGRESS CALL NUMBER | |
| Classification number | JQ 1746.Z13Q34 |
| Item number | ก892ก 2563 |
| 100 0# - MAIN ENTRY--PERSONAL NAME | |
| 9 (RLIN) | 54824 |
| Personal name | แก้วตา วิศวบำรุงชัย |
| 245 10 - TITLE STATEMENT | |
| Title | การสำรวจคุณภาพชีวิตการทำงานของบุคลากรสำนักงานเลขาธิการสภาผู้แทนราษฎร / |
| Statement of responsibility, etc. | แก้วตา วิศวบำรุงชัย และคณะ. |
| 260 ## - PUBLICATION, DISTRIBUTION, ETC. | |
| Place of publication, distribution, etc. | กรุงเทพฯ : |
| Name of publisher, distributor, etc. | สำนักงานกองทุนสนับสนุนการสร้างเสริมสุขภาพ (สสส.) และสำนักงานเลขาธิการสภาผู้แทนราษฎร, |
| Date of publication, distribution, etc. | 2563. |
| 300 ## - PHYSICAL DESCRIPTION | |
| Extent | 66 หน้า : |
| Other physical details | ตาราง, แผนภาพ ; |
| Dimensions | 30 ซม. |
| 650 #0 - SUBJECT ADDED ENTRY--TOPICAL TERM | |
| Topical term or geographic name entry element | ข้าราชการรัฐสภาสามัญ |
| General subdivision | คุณภาพชีวิตการทำงาน |
| 9 (RLIN) | 55228 |
| 850 ## - HOLDING INSTITUTION | |
| Holding institution | NALT |
| 942 ## - ADDED ENTRY ELEMENTS (KOHA) | |
| Koha item type | Research/Thesis |
| Source of classification or shelving scheme | Library of Congress Classification |
| 998 ## - STAFF NAME (NALT) | |
| -- | 1020 |
| -- | นางจำเรียง ระวังสำโรง |
| Withdrawn status | Lost status | Source of classification or shelving scheme | Damaged status | Not for loan | Collection code | Home library | Current library | Shelving location | Date acquired | Full call number | Barcode | Date last seen | Price effective from | Koha item type |
|---|---|---|---|---|---|---|---|---|---|---|---|---|---|---|
| Library of Congress Classification | Research & Theses collection | National Assembly Library of Thailand | National Assembly Library of Thailand | Research & Theses shelves | 16/11/2021 | ว JQ 1746.Z13Q34 ก892ก 2563 | 3961212451 | 30/03/2022 | 16/11/2021 | Research/Thesis |
